Development of common ideals in the British Commonwealth (Record no. 480262)

000 -LEADER
fixed length control field 00505cam a22001457a 4500
008 - FIXED-LENGTH DATA ELEMENTS--GENERAL INFORMATION
fixed length control field 180718b1944 xxu||||| |||| 00| 0 eng d
082 ## - DEWEY DECIMAL CLASSIFICATION NUMBER
Classification number D6142 Iy9
100 ## - MAIN ENTRY--PERSONAL NAME
Personal name Iyar, C.P. Ramaswami
245 ## - TITLE STATEMENT
Title Development of common ideals in the British Commonwealth
Statement of responsibility, etc. by C.P. Ramaswami Iyar
260 ## - PUBLICATION, DISTRIBUTION, ETC.
Place of publication, distribution, etc. Allahabad
Name of publisher, distributor, etc. Kitabistan
Date of publication, distribution, etc. 1944
300 ## - PHYSICAL DESCRIPTION
Extent 11p.
500 ## - GENERAL NOTE
General note Indian Institute of International Affaris (Pamphlet),18.
650 ## - SUBJECT ADDED ENTRY--TOPICAL TERM
Topical term or geographic name entry element India Institute of International Affairs
650 ## - SUBJECT ADDED ENTRY--TOPICAL TERM
Topical term or geographic name entry element Commonwealth of Natiions
Holdings
Withdrawn status Lost status Damaged status Not for loan Permanent Location Current Location Date acquired Full call number Barcode Date last seen Price effective from Koha item type
        Indian Institute of Public Administration Indian Institute of Public Administration 2018-08-04 D6142 Iy9 GR2449 2018-08-04 2018-08-04 GR

Powered by Koha